| 000 | 00559nam a22002177a 4500 | ||
|---|---|---|---|
| 003 | UA-OsUOA | ||
| 001 | 87809 | ||
| 007 | ta | ||
| 008 | 20120925b un ||||| |||| 00| 0 ukr d | ||
| 090 |
_a94(510) _bН72 |
||
| 942 | _cBK | ||
| 040 |
_aUA-OsUOA _brus _cUA-OsUOA _dUA-OsUOA |
||
| 245 | _aНовейшая история Китая (1917-1970) | ||
| 300 | _a437 с. | ||
| 955 | _a2 | ||
| 041 | _arus | ||
| 080 | _a94(510) | ||
| 260 |
_aМ. _bМысль _c1972 |
||
| 650 | 7 |
_a9 Географія. Біографії. Історія _2UDC |
|
| 999 |
_c374114 _d374114 |
||